Hard Halo trivia - Statistics

General Stats
  • This quiz has been taken 225 times
  • The average score is 6 of 15
Answer Stats
Hint Answer % Correct
First human world to be glassed by the Covenant Harvest
77%
What the covenant call spartans Demons
75%
City in Africa where much of halo 2 and all of halo 3 ODST takes place New Mombasa
70%
What ONI stands for office of naval intelligence
60%
The event that led to many Elites Leaving the covenant to fight with humanity the great Schism
49%
Name of the AI construct onboard the UNSC infinity (post crash on Requiem) Roland
48%
What does ODST stand for Orbital Drop Shock Troopers
41%
What was captain Keyes became in halo one after being captured by the flood Proto gravemind
40%
city that is Headquarters of the Unified Earth Government and the UNSC Sydney
30%
Spartan who's ID number is 052 Jorge
24%
City that is destroyed by the Diadact New Phoenix
17%
Name of the UNSC destroyer that aided in the defense of Anchor 9 in halo reach UNSC Savannah
15%
What Master Chief has to pull out of Captain Keyes Neck in Halo CE Neural Implant
8%
Name of the largest class of Covenant carriers (hint CSO-Class) CSO-Class Super carrier
6%
Name of the ship of the class listed above that was destroyed over Reach by Noble Team The long night solace
0%
No matching quizzes found
Score Distribution
Percent of People with Each Score
Percentile by Number Answered
Your Score History
You have not taken this quiz